| 000 | 01400nam a2200349 i 4500 | ||
|---|---|---|---|
| 001 | 000017922 | ||
| 003 | DO-SdBNP | ||
| 005 | 20231205083342.0 | ||
| 007 | ta | ||
| 008 | 100407s1987 dr g 010 0dspa d | ||
| 040 |
_aDO-SdBNP _bspa _cBNPHU _erda |
||
| 082 | 4 |
_a972.85052 _bF676v _222 |
|
| 100 | 1 |
_aFonseca, Carlos, _938885 _eautor |
|
| 245 | 1 | 0 |
_aViva Sandino : _bobras / _cCarlos Fonseca ; presentación, Jaime Wheelock Román. |
| 264 |
_aSanto Domingo : _bUASD, _c1987. |
||
| 300 |
_avolumen ; _c22 cm. |
||
| 336 |
_2rdacontent _atexto _btxt |
||
| 337 |
_2rdamedia _asin mediación _bn |
||
| 338 |
_2rdacarrier _avolumen _bnc |
||
| 490 |
_aPublicaciones de la Universidad Autónoma de Santo Domingo _v567 |
||
| 490 |
_aHistoria y Sociedad _v75 |
||
| 500 | _aLa biblioteca posee v.2 | ||
| 500 | _aRecopilación de textos del Instituto de Estudio del Sandinismo | ||
| 505 | 0 |
_av.2-- _gPresentación / _rJaime Wheelock Román -- _tViva Sandino -- _tCronología de la resistencia sandinista -- _tIdeario político del general Sandino. |
|
| 590 | _aInventariado, 2020/YL | ||
| 600 | 1 | 4 |
_aSandino, Augusto César, 1895-1934 _xPensamiento político _938886 |
| 650 | 4 |
_aNicaragua _xHistoria _yF.S.L.N., 1961-1979 _938887 |
|
| 700 | 1 |
_aWheelock Román, Jaime, _epresentación _938888 |
|
| 830 | 0 |
_aHistoria y Sociedad _nnº. 75 _938889 |
|
| 910 | _aValidado. Control de calidad EMS. | ||
| 942 |
_2ddc _cLBS1 |
||
| 999 |
_c17446 _d17446 |
||